LIBRARY & INFORMATION CENTRE, KCAET, TAVANUR

ONLINE PUBLIC ACCESS CATALOGUE (OPAC)

Normal view MARC view
  • Hale Ham, Thomas

Entry Personal Name

Number of records used in: 1

001 - CONTROL NUMBER

  • control field: 1585

003 - CONTROL NUMBER IDENTIFIER

  • control field: OSt

005 - DATE AND TIME OF LATEST TRANSACTION

  • control field: 20160930115347.0

008 - FIXED-LENGTH DATA ELEMENTS

  • fixed length control field: 160930|| aca||aabn | a|a d

040 ## - CATALOGING SOURCE

  • Original cataloging agency: OSt
  • Transcribing agency: OSt

100 ## - HEADING--PERSONAL NAME

  • Personal name: Hale Ham, Thomas

670 ## - SOURCE DATA FOUND

  • Source citation: Work cat.: (OSt)7884: Daland, Geneva A . 1584, Color Atlas of Morphologic Hematology / , 1959.
free website counter